Les Joueurs utilisés par Luis Enrique au Paris Saint-Germain - Statistiques

Statistiques générales
  • Ce quiz a été pris 53 fois
  • Le résultat moyen est 26 sur 45
Statistiques - réponses
Hint Réponse % Correct
Vraie Hakimi
100%
Vraie Dembele
96%
Vraie Ramos
96%
Vraie Vitinha
96%
Vraie Doue
93%
Vraie Neves
93%
Vraie Ruiz
93%
Vraie Donnarumma
91%
Vraie Marquinhos
91%
Vraie Barcola
89%
Vraie Mendes
89%
Vraie Mbappe
87%
Vraie Mbappe
87%
Vraie Safonov
87%
Vraie Chevalier
85%
Vraie Pacho
83%
Vraie Kvara
78%
Vraie Mayulu
78%
Vraie Hernandez
74%
Vraie Lee
70%
Vraie Mbaye
70%
Vraie Beraldo
65%
Vraie Kimpembe
57%
Vraie Zabarnyi
54%
Vraie Tenas
52%
Vraie Ndjantou
46%
Vraie Soler
46%
Vraie Kolo Muani
43%
Vraie Asensio
39%
Vraie Dro
37%
Vraie Marin
37%
Vraie Navas
35%
Vraie Skriniar
33%
Vraie Ugarte
28%
Vraie Zague
28%
Vraie Kamara
24%
Vraie Ndour
24%
Vraie Pereira
22%
Vraie Mukiele
20%
Vraie Ekitike
17%
Vraie Kurzawa
17%
Vraie Boly
13%
Vraie Tape
13%
Vraie Jangeal
11%
Vraie Nsoki
9%
Aucun quiz correspondant
Distribution des résultats
% des personnes avec chaque résultat
Percentile par nombre de réponses
Votre historique - résultats
Vous n’avez pas pris ce quiz